SHRI LAL SHUKL (Record no. 28351)
[ view plain ]
| 000 -LEADER | |
|---|---|
| fixed length control field | 00300nam a22001457a 4500 |
| 003 - CONTROL NUMBER IDENTIFIER | |
| control field | SGT |
| 020 ## - INTERNATIONAL STANDARD BOOK NUMBER | |
| International Standard Book Number | 9788126713967 |
| 082 ## - DEWEY DECIMAL CLASSIFICATION NUMBER | |
| Classification number | 920 |
| Item number | S83D |
| 100 ## - MAIN ENTRY--PERSONAL NAME | |
| Personal name | DARBARI, RAAG |
| 245 ## - TITLE STATEMENT | |
| Title | SHRI LAL SHUKL |
| 260 ## - PUBLICATION, DISTRIBUTION, ETC. (IMPRINT) | |
| Name of publisher, distributor, etc | RAJKAMAL PAPERBACKS |
| Year of Publication | 1983 |
| 300 ## - PAGE DESCRIPTION | |
| No. of Pages | 334 |
| 650 ## - SUBJECT ADDED ENTRY--TOPICAL TERM | |
| Topical term or geographic name as entry element | BIOGRAPHY |
| 942 ## - ADDED ENTRY ELEMENTS (KOHA) | |
| Source of classification or shelving scheme | Dewey Decimal Classification |
| Koha item type | Books |
| Withdrawn status | Lost status | Source of classification or shelving scheme | Damaged status | Not for loan | Home library | Current library | Shelving location | Date acquired | SGTU | Total Checkouts | Full call number | Accession No. (Barcode) | Date last seen | Bill Date | Koha item type |
|---|---|---|---|---|---|---|---|---|---|---|---|---|---|---|---|
| Dewey Decimal Classification | Not For Loan | SGT Chancellor's Library | SGT Chancellor's Library | Reference Book | 23/12/2024 | SGTU | 920 S83D | CH1287 | 23/12/2024 | 23/12/2024 | Books |